A user study of the Centre for Malaysian Chinese Studies (CMCS) library /
Saved in:
| 主要作者: | |
|---|---|
| 格式: | Thesis 圖書 |
| 語言: | English |
| 出版: |
2005.
|
| 主題: | |
| 在線閱讀: | http://dspace.fsktm.um.edu.my/handle/1812/685 |
| 標簽: |
添加標簽
沒有標簽, 成為第一個標記此記錄!
|
| LEADER | 01126cam a2200277 a 4500 | ||
|---|---|---|---|
| 001 | u729164 | ||
| 003 | SIRSI | ||
| 005 | 200610130835 | ||
| 008 | 061013s2005 my t 000 0 eng m | ||
| 040 | |a UMM | ||
| 043 | |a a-my--- | ||
| 090 | |a Z674 |b UM 2005 Pon | ||
| 100 | 1 | 0 | |a Pong, Yoke Tien. |
| 245 | 1 | 2 | |a A user study of the Centre for Malaysian Chinese Studies (CMCS) library / |c Pong Yoke Tien. |
| 260 | |c 2005. | ||
| 300 | |a x, 146 leaves : |b ill. ; |c 30 cm. | ||
| 502 | |a Dissertation (M.L.I.S.) -- Fakulti Sains Komputer dan Teknologi Maklumat, Universiti Malaya, 2006. | ||
| 504 | |a Bibliography: leaves 140-146. | ||
| 610 | 2 | 0 | |a Pusat Pengajian Cina Malaysia. |
| 650 | 0 | |a Special libraries |x Use studies. | |
| 650 | 0 | |a Chinese |z Malaysia |x History. | |
| 710 | 2 | 0 | |a Universiti Malaya. |b Fakulti Sains Komputer dan Teknologi Maklumat. |
| 856 | 4 | 1 | |u http://dspace.fsktm.um.edu.my/handle/1812/685 |
| 596 | |a 1 16 | ||
| 999 | |a Z674 UM 2005 PON |w LC |c 1 |i A512549790 |d 24/8/2015 |e 24/8/2015 |f 15/2/2007 |g 1 |l STACKS |m P01UTAMA |n 1 |r Y |s Y |t TESIS |u 15/2/2007 | ||
| 999 | |a Z674 UM 2005 PON |w LC |c 1 |i A512954342 |l STACKS |m P16SKTM |r N |s Y |t TESIS |u 27/9/2007 | ||
